| 000 | 00000nam 2200000zi 4500 |
| 001 | 9.918631 |
| 003 | CaOODSP |
| 005 | 20230601081127 |
| 006 | m o d f |
| 007 | cr |n||||||||| |
| 008 | 221221t20232022onca o f000 0 eng d |
| 020 | |a9780660460499 |
| 040 | |aCaOODSP|beng|erda|cCaOODSP |
| 043 | |an-cn--- |
| 086 | 1 |aNR16-414/2023E-PDF |
| 245 | 00|aEmerging technology snapshot : |beducation and training of mental skills. |
| 264 | 1|a[Ottawa] : |bNational Research Council Canada = Conseil national de recherches Canada, |cFebruary 2023. |
| 264 | 4|c©2022 |
| 300 | |a1 online resource (2 unnumbered pages) : |billustrations |
| 336 | |atext|btxt|2rdacontent |
| 337 | |acomputer|bc|2rdamedia |
| 338 | |aonline resource|bcr|2rdacarrier |
| 500 | |aIssued also in French under title: Technologie émergente en bref : formation et développement des capacités intellectuelles. |
| 610 | 10|aCanada. |bCanadian Armed Forces |xEmployees|xTraining of. |
| 650 | 0|aMilitary education|zCanada. |
| 710 | 2 |aNational Research Council Canada, |eissuing body. |
| 775 | 08|tTechnologie émergente en bref : |w(CaOODSP)9.918632 |
| 856 | 40|qPDF|s365 KB|uhttps://publications.gc.ca/collections/collection_2023/cnrc-nrc/NR16-414-2023-eng.pdf |